<?xml version="1.0" encoding="UTF-8"?>
<record
    xmlns:xsi="http://www.w3.org/2001/XMLSchema-instance"
    xsi:schemaLocation="http://www.loc.gov/MARC21/slim http://www.loc.gov/standards/marcxml/schema/MARC21slim.xsd"
    xmlns="http://www.loc.gov/MARC21/slim">

  <leader>00474cam1a220018100 4500</leader>
  <controlfield tag="001">tmp16002553</controlfield>
  <controlfield tag="003">UPRA</controlfield>
  <controlfield tag="005">20190830105628.0</controlfield>
  <controlfield tag="008">951120s1938    sz                  ger u</controlfield>
  <datafield tag="035" ind1=" " ind2=" ">
    <subfield code="a">(Sirsi) r26420</subfield>
  </datafield>
  <datafield tag="035" ind1=" " ind2=" ">
    <subfield code="a">(UPRA)tmp16002553</subfield>
  </datafield>
  <datafield tag="040" ind1=" " ind2=" ">
    <subfield code="c">UPRA</subfield>
  </datafield>
  <datafield tag="100" ind1="1" ind2=" ">
    <subfield code="a">Hilm, Carl.</subfield>
    <subfield code="6">A90139.1</subfield>
  </datafield>
  <datafield tag="245" ind1="1" ind2="4">
    <subfield code="a">Ein Gralspiel :</subfield>
    <subfield code="b">in drei Akten.</subfield>
  </datafield>
  <datafield tag="260" ind1=" " ind2=" ">
    <subfield code="a">Zurich :</subfield>
    <subfield code="b">Rascher,</subfield>
    <subfield code="c">[1938]</subfield>
  </datafield>
  <datafield tag="949" ind1=" " ind2=" ">
    <subfield code="a">PT2617.I4</subfield>
    <subfield code="w">lcc</subfield>
    <subfield code="i">-27162</subfield>
    <subfield code="m">MAIN</subfield>
    <subfield code="t">BOOK</subfield>
    <subfield code="l">ON-SHELF</subfield>
  </datafield>
  <controlfield tag="004">26420</controlfield>
  <datafield tag="999" ind1=" " ind2=" ">
    <subfield code="c">187125</subfield>
    <subfield code="d">187125</subfield>
  </datafield>
</record>
